| 000 | 01075cam a2200241 4500 | ||
|---|---|---|---|
| 001 | ABS65839 | ||
| 008 | 020906n2002 000 0 eng u | ||
| 035 | _a(Sirsi) u119589 | ||
| 100 | _aMartin, D. | ||
| 245 | 2 | _aA job with a mortgage built in | |
| 260 | _c2002 | ||
| 490 |
_aInside Housing _v 30 August 2002, 11(1) |
||
| 520 | _aReviews some of the measures the government is taking which attempt to tackle the housing crisis. Government Office for London produced a housing statement which recommended that employers should seek to provide affordable accommodation for their employees through the use of rent or mortgage guarantees. Some sources doubt whether the scheme will be effective as there are no new public funds meaning the private sector is unlikely to become interested. | ||
| 590 | _aABS | ||
| 650 | _aHOUSING | ||
| 650 | _aSTARTER HOMES INITITATIVE | ||
| 650 | _aSOUTH EAST | ||
| 650 | _aLONDON | ||
| 650 | _aLONDON HOUSING FEDERATION | ||
| 650 | _aLOGICA | ||
| 690 | _aPROPERTY-RESIDENTIAL PROPERTY-RESIDENTIAL PROPERTY MARKET | ||
| 942 | _n0 | ||
| 999 |
_c71106 _d71106 |
||